Investigación participativa y desarrollo agropecuario /

El objetivo es analizar, de manera breve, el rol de la investigación participativa como una metodología válida para la colaboración entre productores y técnicos en el desarrollo agropecuario nicaragüense. Consta de 4 partes: 1- aborda el tema del conocimiento científico y del saber popular, tratando...

সম্পূর্ণ বিবরণ

সংরক্ষণ করুন:
গ্রন্থ-পঞ্জীর বিবরন
প্রধান লেখক: Serra, Luis
বিন্যাস: পাঠ‍্য
বিষয়গুলি:
ট্যাগগুলো: ট্যাগ যুক্ত করুন
কোনো ট্যাগ নেই, প্রথমজন হিসাবে ট্যাগ করুন!

MARC

LEADER 00000 a a2200000 04500
001 16623
003
040
100 |a Serra, Luis  
245 |a Investigación participativa y desarrollo agropecuario /  |c Luis Serra 
520 |a El objetivo es analizar, de manera breve, el rol de la investigación participativa como una metodología válida para la colaboración entre productores y técnicos en el desarrollo agropecuario nicaragüense. Consta de 4 partes: 1- aborda el tema del conocimiento científico y del saber popular, tratando de señalar sus semejanzas y diferencias, así como sus logros y limitaciones   |a 2- caracteriza la investigación científica tradicional en comparación con la investigación participativa como dos formas de estudiar la realidad social   |a 3- aborda la metodología de educación popular como un complemento de la investigación participativa y como la forma más adecuada de enfocar la transferencia tecnológica en el campo y 4- presenta algunas repercusiones políticas, económicas y educativas que tendría la aplicación generalizada de la investigación participativa en el desarrollo agropecuario nacional. Estas reflexiones de basan en la experiencia del autor en la investigación participativa y educación popular. A manera de conclusión plantea tres preguntas: a- ¿se quiere impulsar la participación popular a nivel de la producción de conocimientos?, b- ¿se quiere realizar un estudio de los problemas del campesinado que sea al mismo tiempo un proceso mutuo educativo entre técnicos y productores? y c- ¿creen que se debe vincular el análisis de la realidad campesina con su transformación práctica o piensan que hay que mantener la separación entre investigación y acción?  
650 |a INVESTIGACION  
650 |a METODOLOGIA  
650 |a CAMPESINADO  
650 |a CONOCIMIENTOS TECNOLOGICOS  
650 |a INVESTIGACION  
650 |a DESARROLLO AGROPECUARIO  
650 |a TECNICOS  
650 |a EDUCACION POPULAR  
773 |g número 4; páginas 82-91  
999 |c 27642  |d 27642